[Event "TCh-RUS HL 2022"]
[Site "Sochi RUS"]
[Date "2022.05.05"]
[Round "5.4"]
[Board "3"]
[White "Yudin, Ivan"]
[Black "Oganian, Miran"]
[Result "0-1"]
[WhiteTitle "FM"]
[BlackTitle "IM"]
[WhiteElo "2303"]
[BlackElo "2437"]
[WhiteTeam "Shkola im. M.M. Botvinnika (g. Moskva)"]
[BlackTeam "KOO Federatsiya shakhmat Krasnodarskogo kra"]
[WhiteFideId "4198751"]
[BlackFideId "4122488"]
[EventDate "2022.05.01"]

1. d4 Nf6 2. c4 e6 3. Nc3 Bb4 4. Qc2 Nc6 5. Nf3 d6 6. Bd2 a5 7. a3 Bxc3 8. Bxc3
Qe7 9. e4 e5 10. d5 Nb8 11. b4 O-O 12. g3 c6 13. Bg2 cxd5 14. cxd5 axb4 15. axb4
Rxa1+ 16. Bxa1 Na6 17. Qb1 Qc7 18. Nd2 Bd7 19. O-O Rc8 20. b5 Nb8 21. b6 Qc5 22.
Bb2 Qb4 23. Bc1 Qxb1 24. Nxb1 Bb5 25. Re1 Kf8 26. Ba3 Ke7 27. f4 Nbd7 28. Nd2
Ng4 29. h3 Nh6 30. Rb1 Ba6 31. Rb3 Rc2 32. Nf3 f6 33. fxe5 fxe5 34. Ng5 Bc4 35.
Rb1 Rc3 36. Rc1 Rxa3 37. Rxc4 Rxg3 38. Nf3 Nc5 39. Nxe5 Rb3 40. Rc2 Rxb6 41. Nc4
Rb1+ 42. Kh2 Nd7 43. e5 dxe5 44. d6+ Ke6 45. Na5 Kxd6 46. Nxb7+ Ke7 47. Rc7 Ng8
48. Nc5 Nf6 49. Nd3 e4 50. Nc5 Kd6 0-1

[Event "TCh-RUS HL 2022"]
[Site "Sochi RUS"]
[Date "2022.05.05"]
[Round "5.4"]
[Board "4"]
[White "Khripachenko, Alexander"]
[Black "Petrovsky, Nikita"]
[Result "1/2-1/2"]
[WhiteTitle "FM"]
[WhiteElo "2195"]
[BlackElo "1993"]
[WhiteTeam "KOO Federatsiya shakhmat Krasnodarskogo kra"]
[BlackTeam "Shkola im. M.M. Botvinnika (g. Moskva)"]
[WhiteFideId "54184975"]
[BlackFideId "54177367"]
[EventDate "2022.05.01"]

1. e4 c5 2. Nf3 Nc6 3. d4 cxd4 4. Nxd4 Nf6 5. Nc3 d6 6. Bc4 e6 7. Be3 a6 8. Qe2
Qc7 9. Bb3 Be7 10. O-O-O b5 11. g4 Nxd4 12. Bxd4 O-O 13. e5 dxe5 14. Bxe5 Qc6
15. f4 Bb7 16. Rhf1 b4 17. g5 Ne4 18. Nxe4 Qxe4 19. Qxe4 Bxe4 20. Rd7 Bc5 21.
Bd4 Bc6 22. Bxc5 Bxd7 23. Bxf8 Kxf8 24. Kd2 Bb5 25. Rc1 Rd8+ 26. Ke3 1/2-1/2

[Event "TCh-RUS HL 2022"]
[Site "Sochi RUS"]
[Date "2022.05.07"]
[Round "6.1"]
[Board "1"]
[White "Chekhov, Sergei"]
[Black "Yeletsky, Ivan"]
[Result "1/2-1/2"]
[WhiteTitle "IM"]
[BlackTitle "FM"]
[WhiteElo "2451"]
[BlackElo "2461"]
[WhiteTeam "Inleksis (Voronezhskaya oblast)"]
[BlackTeam "Temus Tim (g. Moskva)"]
[WhiteFideId "4195639"]
[BlackFideId "24180327"]
[EventDate "2022.05.01"]

1. e4 c5 2. Nf3 d6 3. Bb5+ Nd7 4. O-O a6 5. Bd3 Ngf6 6. Re1 e6 7. c3 Be7 8. Bf1
b5 9. d4 Bb7 10. e5 Nd5 11. a4 Qb6 12. axb5 axb5 13. Rxa8+ Bxa8 14. exd6 Bxd6
15. c4 bxc4 16. Na3 Be7 17. Nxc4 Qc7 18. Bg5 Bxg5 19. Nxg5 O-O 20. dxc5 Qxc5 21.
Qd3 N7f6 22. Qa3 Qc7 23. Ne5 Bb7 24. Qa7 h6 25. Ngf3 Ra8 26. Qd4 Qa5 27. Nd3 Ne7
28. Nfe5 Bd5 29. b4 Qa2 30. b5 Rc8 31. Ra1 Nf5 32. Rxa2 Nxd4 33. Rb2 Rc3 34. h3 1/2-1/2

[Event "TCh-RUS HL 2022"]
[Site "Sochi RUS"]
[Date "2022.05.07"]
[Round "6.1"]
[Board "2"]
[White "Khudyakov, Stanislav"]
[Black "Klimentov, Evgeny"]
[Result "1/2-1/2"]
[BlackTitle "FM"]
[WhiteElo "2257"]
[BlackElo "2281"]
[WhiteTeam "Temus Tim (g. Moskva)"]
[BlackTeam "Inleksis (Voronezhskaya oblast)"]
[WhiteFideId "44131232"]
[BlackFideId "24128899"]
[EventDate "2022.05.01"]

1. d4 Nf6 2. c4 e6 3. g3 c5 4. d5 exd5 5. cxd5 d6 6. Nc3 g6 7. Bg2 Bg7 8. Nf3
O-O 9. O-O a6 10. a4 Nbd7 11. Nd2 Re8 12. h3 Rb8 13. Nc4 Ne5 14. Na3 b5 15. axb5
axb5 16. Naxb5 Qb6 17. Na7 Ra8 18. Nxc8 Rexc8 19. Ra4 Rxa4 20. Qxa4 Rb8 21. f4
Ned7 22. Kh2 Qb4 23. Qc6 Rb6 24. Qc8+ Nf8 25. e4 Nd7 26. Rf3 Bd4 27. Qc7 Qb3 28.
e5 dxe5 29. fxe5 Bxe5 30. Qd8 Rf6 31. Rxf6 Bxf6 32. Qe8 Be5 33. Qe7 Qb8 34. Ne4
f5 35. Ng5 Bxg3+ 36. Kg1 Qe5 37. Qf7+ Kh8 38. Qxf8+ Nxf8 39. Nf7+ Kg7 40. Nxe5
Bxe5 41. Kf2 Kf6 42. Ke2 Nd7 43. Kd3 Bd6 44. Kc4 f4 45. Kb5 g5 46. b3 Ne5 47.
Bb2 Kf5 48. Bxe5 Kxe5 49. Kc4 Kf5 50. Bf3 h5 51. Bxh5 Ke4 52. Be2 f3 53. Bf1 Bf8
54. Kc3 Ke3 55. Bc4 Kf2 56. Kd3 Kg1 57. Ke4 f2 58. Kf5 Be7 59. Ke6 Bd8 60. Kd7
Ba5 61. Kc6 f1=Q 62. Bxf1 Kxf1 63. Kxc5 Kg2 64. b4 Bd8 65. b5 Kxh3 66. b6 Bxb6+
67. Kxb6 g4 68. d6 g3 69. d7 g2 70. d8=Q g1=Q+ 71. Kc7 Qc5+ 1/2-1/2

[Event "TCh-RUS HL 2022"]
[Site "Sochi RUS"]
[Date "2022.05.07"]
[Round "6.1"]
[Board "3"]
[White "Aminov, Andrey"]
[Black "Rostovtsev, Dmitry"]
[Result "1/2-1/2"]
[BlackTitle "FM"]
[WhiteElo "2297"]
[BlackElo "2299"]
[WhiteTeam "Inleksis (Voronezhskaya oblast)"]
[BlackTeam "Temus Tim (g. Moskva)"]
[WhiteFideId "24162728"]
[BlackFideId "34278320"]
[EventDate "2022.05.01"]

1. c4 e5 2. Nc3 Bb4 3. Nd5 Be7 4. d4 exd4 5. Qxd4 Nf6 6. Nxe7 Qxe7 7. Bg5 Nc6 8.
Qc3 d6 9. Bxf6 Qxf6 10. Qxf6 gxf6 11. O-O-O Be6 12. e4 f5 13. exf5 Bxf5 14. Nf3
O-O-O 15. Nd4 Nxd4 16. Rxd4 Rde8 17. Kd2 Re7 1/2-1/2

[Event "TCh-RUS HL 2022"]
[Site "Sochi RUS"]
[Date "2022.05.07"]
[Round "6.1"]
[Board "4"]
[White "Voinikonis, Nikita"]
[Black "Polukhin, Alexander"]
[Result "0-1"]
[WhiteTitle "FM"]
[WhiteElo "2086"]
[BlackElo "2170"]
[WhiteTeam "Temus Tim (g. Moskva)"]
[BlackTeam "Inleksis (Voronezhskaya oblast)"]
[WhiteFideId "34187500"]
[BlackFideId "34143022"]
[EventDate "2022.05.01"]

1. e4 e6 2. d4 d5 3. Nc3 Bb4 4. e5 Ne7 5. a3 Bxc3+ 6. bxc3 c5 7. h4 Qc7 8. h5 h6
9. Qg4 cxd4 10. Ne2 Qxe5 11. cxd4 Qf6 12. Rb1 O-O 13. a4 Nbc6 14. Ba3 Re8 15.
Rd1 Bd7 16. Rh3 Rac8 17. Rf3 Nf5 18. Rfd3 e5 19. c3 Rc7 20. dxe5 Nxe5 21. Qf4
Nxd3+ 22. Rxd3 Rc4 23. Qd2 Rxa4 24. Bb2 Rae4 25. f3 Qh4+ 26. Kd1 Ne3+ 0-1

[Event "TCh-RUS HL 2022"]
[Site "Sochi RUS"]
[Date "2022.05.07"]
[Round "6.2"]
[Board "1"]
[White "Zakaryan, David"]
[Black "Belyakov, Bogdan"]
[Result "1/2-1/2"]
[WhiteTitle "IM"]
[BlackTitle "IM"]
[WhiteElo "2313"]
[BlackElo "2457"]
[WhiteTeam "KOO Federatsiya shakhmat Krasnodarskogo kra"]
[BlackTeam "Qmal (QNAO)"]
[WhiteFideId "24101923"]
[BlackFideId "24104795"]
[EventDate "2022.05.01"]

1. c4 e5 2. Nc3 Bb4 3. e3 Bxc3 4. bxc3 d6 5. d4 Nc6 6. Bd3 Qg5 7. Kf1 Qe7 8. d5
Nb8 9. e4 Na6 10. Be3 Nf6 11. f3 Nc5 12. Bc2 Nfd7 13. h4 h5 14. g3 a5 15. Rb1 b6
16. Kg2 Ba6 17. Qe2 O-O-O 18. Nh3 1/2-1/2

[Event "TCh-RUS HL 2022"]
[Site "Sochi RUS"]
[Date "2022.05.07"]
[Round "6.2"]
[Board "2"]
[White "Savitskiy, Sergey"]
[Black "Gochelashvili, David"]
[Result "1/2-1/2"]
[WhiteTitle "IM"]
[BlackTitle "IM"]
[WhiteElo "2401"]
[BlackElo "2393"]
[WhiteTeam "Qmal (QNAO)"]
[BlackTeam "KOO Federatsiya shakhmat Krasnodarskogo kra"]
[WhiteFideId "24105660"]
[BlackFideId "4161203"]
[EventDate "2022.05.01"]

1. e4 e5 2. Bc4 Nf6 3. d3 c6 4. Nf3 d5 5. Bb3 a5 6. a3 a4 7. Ba2 Bd6 8. Nc3 d4
9. Ne2 Qe7 10. O-O Be6 11. Bxe6 Qxe6 12. Ng5 Qe7 13. f4 Nbd7 14. Nf3 c5 15. fxe5
Nxe5 16. h3 Nxf3+ 17. Rxf3 Nd7 18. Nf4 O-O 19. Nd5 Qe6 20. Qf1 f5 1/2-1/2

[Event "TCh-RUS HL 2022"]
[Site "Sochi RUS"]
[Date "2022.05.07"]
[Round "6.2"]
[Board "3"]
[White "Oganian, Miran"]
[Black "Potapov, Pavel"]
[Result "1/2-1/2"]
[WhiteTitle "IM"]
[BlackTitle "GM"]
[WhiteElo "2437"]
[BlackElo "2481"]
[WhiteTeam "KOO Federatsiya shakhmat Krasnodarskogo kra"]
[BlackTeam "Qmal (QNAO)"]
[WhiteFideId "4122488"]
[BlackFideId "4169786"]
[EventDate "2022.05.01"]

1. d4 d5 2. c4 c6 3. Nf3 Nf6 4. Qc2 dxc4 5. Qxc4 Bf5 6. g3 e6 7. Bg2 Nbd7 8. O-O
Be7 9. e3 O-O 10. Qe2 Qc7 11. Nc3 e5 12. e4 Bg4 13. Be3 Rfe8 14. h3 Bxf3 15.
Bxf3 exd4 16. Bxd4 Bc5 17. Rad1 Rad8 18. Bg2 Bxd4 19. Rxd4 Nf8 20. Rfd1 Rxd4 21.
Rxd4 Ne6 22. Rd2 1/2-1/2

[Event "TCh-RUS HL 2022"]
[Site "Sochi RUS"]
[Date "2022.05.07"]
[Round "6.2"]
[Board "4"]
[White "Semenova, Elena1"]
[Black "Khripachenko, Alexander"]
[Result "1-0"]
[WhiteTitle "WIM"]
[BlackTitle "FM"]
[WhiteElo "2280"]
[BlackElo "2195"]
[WhiteTeam "Qmal (QNAO)"]
[BlackTeam "KOO Federatsiya shakhmat Krasnodarskogo kra"]
[WhiteFideId "24125148"]
[BlackFideId "54184975"]
[EventDate "2022.05.01"]

1. e4 c6 2. Nf3 d5 3. d3 g6 4. e5 Bg7 5. d4 Nh6 6. Bd3 f6 7. h3 Nf7 8. exf6 exf6
9. Qe2+ Qe7 10. Qxe7+ Kxe7 11. O-O Be6 12. Re1 Kd7 13. a4 a5 14. Bf4 Na6 15. c3
Rhe8 16. Nbd2 Nc7 17. b4 axb4 18. cxb4 Bf8 19. b5 Nd6 20. Nb3 Nc4 21. Nc5+ Bxc5
22. dxc5 Bf7 23. Rxe8 Rxe8 24. Nd4 Ra8 25. Rb1 Ne5 26. Bc2 Be8 27. Re1 cxb5 28.
axb5 Ra5 29. Bxe5 fxe5 30. Rxe5 Kd8 31. b6 Na6 32. Rxd5+ Bd7 33. Nb3 Ra4 34. Rd2
Rb4 35. Kh2 Kc8 36. g4 Be6 37. Nd4 Nxc5 38. Bd1 Bd5 39. Nc2 Rxb6 40. Rxd5 Ne6 1-0

[Event "TCh-RUS HL 2022"]
[Site "Sochi RUS"]
[Date "2022.05.07"]
[Round "6.3"]
[Board "1"]
[White "Balashov, Yuri S"]
[Black "Bocharov, Dmitry"]
[Result "0-1"]
[WhiteTitle "GM"]
[BlackTitle "GM"]
[WhiteElo "2417"]
[BlackElo "2516"]
[WhiteTeam "Sbornaya Rossii sredi veteranov"]
[BlackTeam "Sbornaya Novosibirskoy oblasti"]
[WhiteFideId "4100263"]
[BlackFideId "4138716"]
[EventDate "2022.05.01"]

1. e4 c5 2. Nf3 d6 3. d4 cxd4 4. Nxd4 Nf6 5. Nc3 a6 6. Be3 e5 7. Nb3 Be6 8. Be2
Be7 9. O-O O-O 10. Qd2 Nbd7 11. a4 Qc7 12. a5 Rac8 13. Rfd1 Rfd8 14. Bf3 b5 15.
axb6 Nxb6 16. Qe1 Nc4 17. Bc1 Qb6 18. Be2 h6 19. Ra4 d5 20. exd5 Bf5 21. Rxc4
Rxc4 22. Bxc4 Bxc2 23. Na1 Bxd1 24. Qxd1 Bb4 25. Qd3 Bxc3 26. bxc3 e4 27. Qc2
Nxd5 28. h3 Qa5 29. Bb2 e3 30. Nb3 Qc7 31. Qe4 Nf6 0-1

[Event "TCh-RUS HL 2022"]
[Site "Sochi RUS"]
[Date "2022.05.07"]
[Round "6.3"]
[Board "2"]
[White "Kezin, Roman"]
[Black "Kalegin, Evgenij"]
[Result "1-0"]
[WhiteTitle "IM"]
[BlackTitle "IM"]
[WhiteElo "2510"]
[BlackElo "2416"]
[WhiteTeam "Sbornaya Novosibirskoy oblasti"]
[BlackTeam "Sbornaya Rossii sredi veteranov"]
[WhiteFideId "24124621"]
[BlackFideId "4103416"]
[EventDate "2022.05.01"]

1. d4 Nf6 2. c4 g6 3. g3 Bg7 4. Bg2 O-O 5. Nc3 d6 6. Nf3 Nbd7 7. O-O e5 8. e4 c6
9. h3 Qa5 10. Re1 exd4 11. Nxd4 Ne5 12. Bf1 Qb6 13. Kg2 c5 14. Ndb5 Be6 15. Qxd6
Nxc4 16. Qxb6 Nxb6 17. Nc7 Rac8 18. Nxe6 fxe6 19. a4 a5 20. Bf4 Ne8 21. e5 Nc7
22. Bd2 Rfd8 23. Ne4 Bxe5 24. Bxa5 Ncd5 25. Ng5 Bf6 26. Nxe6 Re8 27. Rad1 Rc6
28. Nf4 Nxf4+ 29. gxf4 Rxe1 30. Rxe1 Kg7 31. b3 Nd5 32. Kg3 b6 33. Bd2 Rd6 34.
Bc4 Ne7 35. Be3 Nf5+ 36. Kf3 Rd7 37. Rb1 Bc3 38. Rc1 Bb2 39. Rg1 Re7 40. Rd1
Nd4+ 41. Kg2 Nf5 42. Bd2 Nh4+ 43. Kf1 Nf5 44. Be1 Bd4 45. Bd3 Nh4 46. Bd2 Nf5
47. Be2 Nd6 48. Bg4 Ne4 49. Be3 Ng3+ 50. Kg2 Bxe3 51. Re1 Nf5 52. Bxf5 gxf5 53.
fxe3 Re4 54. Kf3 Rb4 55. Rc1 Rxb3 56. a5 Kf6 57. axb6 Rxb6 58. Rxc5 Ra6 59. Rc1
Rb6 60. h4 h6 61. h5 Ra6 62. Rc7 Ra1 63. Rh7 Rh1 64. Rxh6+ Kf7 65. Ke2 Rh3 66.
Kd3 Kg7 67. Rg6+ Kf7 68. Rg5 Kf6 69. Kd4 Rh1 70. Rg6+ Kf7 71. Ke5 Rh3 72. Kxf5
Rxe3 73. h6 Rh3 74. Rg7+ Kf8 75. Kg6 Rg3+ 76. Kf6 Rh3 77. Kg6 Rg3+ 78. Kf6 Rh3
79. Kg5 Rh1 80. Ra7 Kg8 81. f5 Rb1 82. Kg6 Rg1+ 83. Kf6 Rb1 84. Rd7 Rf1 85. Rg7+
Kh8 86. Re7 Kg8 87. Re8+ Kh7 88. Ke6 Re1+ 89. Kf7 Ra1 90. f6 Ra7+ 91. Ke6 Ra6+
92. Kf5 Ra5+ 93. Re5 Ra1 94. f7 Rf1+ 95. Ke6 Kg6 96. Rg5+ Kxg5 97. h7 Re1+ 98.
Kd6 Rd1+ 99. Ke7 Re1+ 100. Kf8 Rh1 101. Kg7 1-0

[Event "TCh-RUS HL 2022"]
[Site "Sochi RUS"]
[Date "2022.05.07"]
[Round "6.3"]
[Board "4"]
[White "Khubukshanov, Erdem"]
[Black "Rashkovsky, Nukhim N"]
[Result "1-0"]
[WhiteTitle "FM"]
[BlackTitle "GM"]
[WhiteElo "2392"]
[BlackElo "2441"]
[WhiteTeam "Sbornaya Novosibirskoy oblasti"]
[BlackTeam "Sbornaya Rossii sredi veteranov"]
[WhiteFideId "54114527"]
[BlackFideId "4100603"]
[EventDate "2022.05.01"]

1. e4 c5 2. Nf3 d6 3. d4 cxd4 4. Nxd4 Nf6 5. Nc3 a6 6. Bg5 e6 7. f4 Qc7 8. Bxf6
gxf6 9. Qf3 Nc6 10. O-O-O Qb6 11. Nb3 Bd7 12. Kb1 h5 13. Be2 O-O-O 14. Qh3 h4
15. g3 Be7 16. gxh4 f5 17. h5 fxe4 18. Nxe4 d5 19. Ng5 Qf2 20. Bf3 Bxg5 21. fxg5
Rdg8 22. Rhg1 Qe3 23. Qg2 Ne5 24. Be2 Bb5 25. Bxb5 axb5 26. Rde1 Qf4 27. Qe2 Nc4
28. g6 Qf6 29. c3 fxg6 30. Nd4 e5 31. Nxb5 gxh5 32. a4 Rxg1 33. Rxg1 Rf8 34.
Qxh5 Qf2 35. Qg4+ Kb8 36. Qg2 Kc8 37. Ka2 e4 38. Qh3+ Qf5 39. Qh6 Qf6 40. Qh7
Rf7 41. Qg8+ Kd7 42. Qb8 Kc6 43. Rg8 1-0

[Event "TCh-RUS HL 2022"]
[Site "Sochi RUS"]
[Date "2022.05.07"]
[Round "6.4"]
[Board "1"]
[White "Bryakin, Mikhail"]
[Black "Gordievsky, Dmitry"]
[Result "1-0"]
[WhiteTitle "IM"]
[BlackTitle "GM"]
[WhiteElo "2456"]
[BlackElo "2559"]
[WhiteTeam "Severnyy kharakter - 2 (g. Moskva)"]
[BlackTeam "Russkaya shakhmatnaya shkola-1 (g. Moskva)"]
[WhiteFideId "4165314"]
[BlackFideId "24112798"]
[EventDate "2022.05.01"]

1. d4 Nf6 2. c4 e6 3. Nf3 c5 4. d5 exd5 5. cxd5 d6 6. Nc3 g6 7. e4 a6 8. a4 Bg4
9. Be2 Bxf3 10. Bxf3 Bg7 11. O-O Nbd7 12. Bf4 Qc7 13. Rc1 O-O 14. b4 Rfe8 15.
Re1 Qb8 16. a5 b5 17. axb6 Qxb6 18. bxc5 Qxc5 19. Na4 Qb4 20. Rb1 Qa5 21. Bxd6
Nxd5 22. Qxd5 Qxa4 23. e5 Rac8 24. Rb4 Qc2 25. Rb7 Rcd8 26. Qc6 Qxc6 27. Bxc6
Bxe5 28. Bxd7 Bxh2+ 29. Kxh2 Rxe1 30. Bc5 Rd1 31. Bg4 R1d5 32. Be7 Re8 33. Ra7 1-0

[Event "TCh-RUS HL 2022"]
[Site "Sochi RUS"]
[Date "2022.05.07"]
[Round "6.4"]
[Board "2"]
[White "Kryakvin, Dmitry"]
[Black "Gurvich, Vitaly"]
[Result "1/2-1/2"]
[WhiteTitle "GM"]
[BlackTitle "FM"]
[WhiteElo "2556"]
[BlackElo "2264"]
[WhiteTeam "Russkaya shakhmatnaya shkola-1 (g. Moskva)"]
[BlackTeam "Severnyy kharakter - 2 (g. Moskva)"]
[WhiteFideId "4153278"]
[BlackFideId "24164852"]
[EventDate "2022.05.01"]

1. Nf3 Nf6 2. c4 g6 3. Nc3 c5 4. e4 Nc6 5. d4 cxd4 6. Nxd4 d6 7. Be2 Bg7 8. Be3
Bd7 9. O-O O-O 10. h3 Nxd4 11. Bxd4 Bc6 12. Qc2 a5 13. Rad1 a4 14. c5 Qa5 15.
cxd6 exd6 16. a3 Rac8 17. Bf3 Rfe8 18. Rfe1 Rcd8 19. Qd2 Re6 20. Re2 Rde8 21.
Rde1 h5 22. h4 Nd7 23. Bxg7 Kxg7 24. Re3 Nf6 25. Qd4 Kg8 26. Bd1 b5 27. f3 Nd7
28. b3 Qb6 29. Ne2 Re5 30. Qxb6 Nxb6 31. Nd4 Bd7 32. Kf2 Rc5 33. Be2 axb3 34.
Rxb3 d5 35. Bxb5 dxe4 36. Rxe4 Ra8 37. Bxd7 Nxd7 38. Ree3 Ra4 39. Red3 Ne5 40.
Rd1 Rcc4 41. Re3 Rc5 42. Nb3 Rb5 43. Rd8+ Kg7 44. Nd4 Rba5 45. Nb3 Rb5 46. Nd4
Rba5 1/2-1/2

[Event "TCh-RUS HL 2022"]
[Site "Sochi RUS"]
[Date "2022.05.07"]
[Round "6.4"]
[Board "3"]
[White "Arbuzov, Mikhail"]
[Black "Grebnev, Aleksey"]
[Result "0-1"]
[BlackTitle "FM"]
[WhiteElo "2181"]
[BlackElo "2453"]
[WhiteTeam "Severnyy kharakter - 2 (g. Moskva)"]
[BlackTeam "Russkaya shakhmatnaya shkola-1 (g. Moskva)"]
[WhiteFideId "34105244"]
[BlackFideId "34189030"]
[EventDate "2022.05.01"]

1. d4 Nf6 2. c4 e6 3. Nc3 Bb4 4. e3 O-O 5. Ne2 Re8 6. a3 Bf8 7. d5 a5 8. Ng3 Na6
9. b3 exd5 10. cxd5 c6 11. Be2 Bd6 12. Bb2 Be5 13. Bf3 Nc5 14. Rb1 Qc7 15. O-O
Rb8 16. b4 axb4 17. axb4 Na6 18. Na2 d6 19. Bxe5 Rxe5 20. Nc3 Bd7 21. dxc6 bxc6
22. Qd4 Ne8 23. Be2 Nxb4 24. f4 c5 25. Qd2 Re7 26. e4 Nf6 27. Rbd1 Rb6 28. Bc4
Bg4 29. Rde1 Be6 30. Bxe6 Rxe6 31. e5 dxe5 32. fxe5 Ne8 33. Nf5 h6 34. Qe2 c4
35. Nd4 Rg6 36. e6 fxe6 37. Qh5 Kh7 38. Rf3 Nd3 39. Re4 Nf6 40. Nxe6 Rxe6 41.
Qxg6+ Kxg6 42. Rxe6 Qa7+ 0-1

[Event "TCh-RUS HL 2022"]
[Site "Sochi RUS"]
[Date "2022.05.07"]
[Round "6.4"]
[Board "4"]
[White "Vetokhin, Savva"]
[Black "Lupolov, Boris"]
[Result "1/2-1/2"]
[WhiteTitle "FM"]
[WhiteElo "2383"]
[BlackElo "1988"]
[WhiteTeam "Russkaya shakhmatnaya shkola-1 (g. Moskva)"]
[BlackTeam "Severnyy kharakter - 2 (g. Moskva)"]
[WhiteFideId "44144474"]
[BlackFideId "44130457"]
[EventDate "2022.05.01"]

1. g3 Nf6 2. Bg2 e6 3. c4 d5 4. Nf3 dxc4 5. Qa4+ Bd7 6. Qxc4 c5 7. Nc3 Bc6 8. e4
Be7 9. a4 O-O 10. O-O a6 11. Qe2 Be8 12. e5 Nd5 13. d3 Nc6 14. Be3 Ndb4 15. Rfd1
Nd4 16. Qf1 Bc6 17. Ne1 Qc7 18. Bxc6 Qxc6 19. Bxd4 cxd4 20. Ne4 Rac8 21. Qe2 Qd5
22. f4 Rc7 23. Rdc1 Rfc8 24. Rxc7 Rxc7 25. Qd1 h6 26. Nd2 Qd7 27. a5 Nd5 28. Nc4
Ne3 29. Qa4 Nxc4 30. Qxd7 Rxd7 31. dxc4 d3 32. Rd1 Rd4 33. Rxd3 Rxc4 34. Rd7
Bc5+ 35. Kf1 Rb4 36. Nd3 Rb5 37. Nxc5 Rxc5 38. Rxb7 Rxa5 39. Ke2 Rd5 40. Rb3 a5
41. Rd3 Rb5 42. Rd2 g5 43. Kd3 Kg7 44. Kc3 Kg6 45. Rd7 gxf4 46. gxf4 h5 47. Ra7
h4 48. b3 h3 49. Ra8 Kf5 50. Ra7 Kg6 51. Ra8 Rc5+ 52. Kb2 Rd5 53. Kc3 Rc5+ 54.
Kd3 Rd5+ 55. Kc3 Kf5 56. Ra7 Rc5+ 57. Kd3 Rd5+ 58. Kc3 Rc5+ 59. Kd3 Rd5+ 60. Kc3
Rc5+ 1/2-1/2

[Event "TCh-RUS HL 2022"]
[Site "Sochi RUS"]
[Date "2022.05.08"]
[Round "7.1"]
[Board "1"]
[White "Belyakov, Bogdan"]
[Black "Chekhov, Sergei"]
[Result "0-1"]
[WhiteTitle "IM"]
[BlackTitle "IM"]
[WhiteElo "2457"]
[BlackElo "2451"]
[WhiteTeam "Qmal (QNAO)"]
[BlackTeam "Inleksis (Voronezhskaya oblast)"]
[WhiteFideId "24104795"]
[BlackFideId "4195639"]
[EventDate "2022.05.01"]

1. e4 c5 2. Nf3 Nc6 3. c3 Nf6 4. e5 Nd5 5. d4 cxd4 6. cxd4 d6 7. Bc4 Nb6 8. Bb5
dxe5 9. Nxe5 Bd7 10. Bxc6 Bxc6 11. Nxc6 bxc6 12. O-O g6 13. Re1 Bg7 14. Bg5 f6
15. Bf4 O-O 16. Nc3 Kh8 17. h4 Qd7 18. Bg3 Rfe8 19. Ne2 Rad8 20. Qc2 Nd5 21. a3
e6 22. Nc1 Ne7 23. Nb3 Nf5 24. Rac1 Bh6 25. Rb1 Qd5 26. Kh2 g5 27. hxg5 Bxg5 28.
Re4 Re7 29. Rbe1 Rg8 30. Qc3 h5 31. Qf3 Reg7 32. Rh1 Rh7 33. Kg1 h4 34. Bf4 Bxf4
35. Rxf4 Rb8 36. Rh3 Kg8 37. Nc5 Kf7 38. b4 Rg7 39. Qxd5 cxd5 40. Rxf5 exf5 41.
Rxh4 Rg4 42. Rh7+ Kg6 43. Rxa7 Rxd4 44. g3 f4 45. Ne6 Rd1+ 46. Kg2 fxg3 47. Kxg3
Kf5 48. Nf4 Rc8 49. Ra5 Rg1+ 50. Kh2 Rg7 51. Nh3 Ke5 52. b5 Rh8 53. b6 Rgh7 54.
Kg2 Rxh3 55. b7 R3h7 56. Ra8 Rg7+ 57. Kf1 Rgg8 58. Ra6 Rb8 59. Rb6 Rh7 0-1

[Event "TCh-RUS HL 2022"]
[Site "Sochi RUS"]
[Date "2022.05.08"]
[Round "7.1"]
[Board "2"]
[White "Klimentov, Evgeny"]
[Black "Savitskiy, Sergey"]
[Result "1/2-1/2"]
[WhiteTitle "FM"]
[BlackTitle "IM"]
[WhiteElo "2281"]
[BlackElo "2401"]
[WhiteTeam "Inleksis (Voronezhskaya oblast)"]
[BlackTeam "Qmal (QNAO)"]
[WhiteFideId "24128899"]
[BlackFideId "24105660"]
[EventDate "2022.05.01"]

1. e4 c5 2. Nf3 Nc6 3. Bb5 g6 4. Bxc6 bxc6 5. O-O Bg7 6. Re1 Nh6 7. c3 O-O 8. h3
f5 9. e5 Nf7 10. d4 cxd4 11. cxd4 c5 12. d5 Bb7 13. Nc3 e6 14. h4 Re8 15. Bf4 h6
16. Qd2 Qa5 17. Rad1 Rad8 18. a3 Qa6 19. Qe2 Rb8 20. Qe3 c4 21. Qd2 Ba8 22. Re2
Rb3 23. Qc1 exd5 24. Nd4 Rb6 25. Rde1 Qc8 26. Bg3 h5 27. Bf4 Kh7 28. Nf3 d4 29.
Nxd4 Qd8 30. e6 dxe6 31. Nxe6 Rbxe6 32. Rxe6 Rxe6 33. Rxe6 Bxc3 34. Bd6 Bg7 35.
Qd2 Nxd6 36. Rxd6 Qxh4 37. Rd7 Qf6 38. Rxa7 Be4 39. a4 f4 40. f3 Bd3 41. a5 Qd4+
42. Qf2 Kh6 43. Rb7 Qd6 44. Kh2 Bd4 45. Qe1 Be3 46. Qb4 Bc5 47. Qc3 Bd4 48. Qb4
Qd8 49. Qe1 Qg5 50. Qe7 Qg3+ 51. Kh1 Bf1 52. Qh7+ Kg5 53. Rb5+ Kh4 54. Rxh5+
gxh5 55. Qe7+ Qg5 56. Qe1+ Qg3 57. Qe7+ Qg5 58. Qe1+ Qg3 59. Qe7+ Qg5 1/2-1/2

[Event "TCh-RUS HL 2022"]
[Site "Sochi RUS"]
[Date "2022.05.08"]
[Round "7.1"]
[Board "3"]
[White "Potapov, Pavel"]
[Black "Aminov, Andrey"]
[Result "1/2-1/2"]
[WhiteTitle "GM"]
[WhiteElo "2481"]
[BlackElo "2297"]
[WhiteTeam "Qmal (QNAO)"]
[BlackTeam "Inleksis (Voronezhskaya oblast)"]
[WhiteFideId "4169786"]
[BlackFideId "24162728"]
[EventDate "2022.05.01"]

1. e4 e5 2. Nf3 Nc6 3. d4 exd4 4. Bc4 Nf6 5. O-O Nxe4 6. Re1 d5 7. Bxd5 Qxd5 8.
Nc3 Qh5 9. Nxe4 Be6 10. Bg5 Bd6 11. Nxd6+ cxd6 12. Bf4 Qd5 13. c3 O-O 14. Nxd4
Nxd4 15. Qxd4 Qxd4 16. cxd4 d5 17. Rac1 Rfc8 18. Bc7 Bd7 19. f3 Re8 20. Kf2 f6
21. Bf4 Rxe1 22. Rxe1 1/2-1/2